[Event "16. Sparkassen Open 2017 - Gruppe A"]
[Site "Forchheim"]
[Date "2017.10.01"]
[Round "4.1"]
[White "Hilverda, Alexander"]
[Black "Krassowizkij, Jaroslaw"]
[Result "1/2-1/2"]
[WhiteElo "2354"]
[BlackElo "2440"]
[PlyCount "26"]
[EventDate "2017.??.??"]
[WhiteTeam "SC Erlangen"]
[BlackTeam "SV Jedesheim"]

1. d4 Nf6 2. c4 c5 3. d5 e5 4. Nc3 d6 5. e4 Be7 6. g3 O-O 7. Bg2 Nbd7 8. Nge2
a6 9. O-O Ne8 10. a4 b6 11. Be3 g6 12. Qd2 Ng7 13. Rae1 Ra7 1/2-1/2

[Event "16. Sparkassen Open 2017 - Gruppe A"]
[Site "Forchheim"]
[Date "2017.10.01"]
[Round "4.2"]
[White "Singer, Christoph"]
[Black "Golda, Harald"]
[Result "1-0"]
[WhiteElo "2375"]
[BlackElo "2268"]
[PlyCount "33"]
[EventDate "2017.??.??"]
[WhiteTeam "FC Bayern München"]
[BlackTeam "SK Schweinfurt"]

1. e4 c5 2. Nf3 d6 3. d4 cxd4 4. Qxd4 Bd7 5. Bc4 e6 6. Bg5 Nc6 7. Qd2 Nf6 8.
Nc3 a6 9. a4 Qc7 10. O-O Be7 11. Rad1 Rc8 12. Rfe1 h6 13. Bh4 Ne5 14. Bb3 Nxf3+
15. gxf3 a5 16. Bg3 e5 17. Re3 {Rest unleserlich} 1-0

[Event "16. Sparkassen Open 2017 - Gruppe A"]
[Site "Forchheim"]
[Date "2017.10.01"]
[Round "4.3"]
[White "Arnold, Max"]
[Black "Böhme, Markus"]
[Result "1-0"]
[WhiteElo "2279"]
[BlackElo "2028"]
[PlyCount "131"]
[EventDate "2017.??.??"]
[WhiteTeam "SK Ettlingen"]
[BlackTeam "SC Uttenreuth"]

1. e4 c6 2. c4 d5 3. exd5 cxd5 4. cxd5 Nf6 5. Nc3 Nxd5 6. Nf3 Nc6 7. Bb5 e6 8.
O-O Be7 9. d4 O-O 10. Re1 Bd7 11. a3 Rc8 12. Bd3 Nxc3 13. bxc3 Na5 14. Ne5 Nc6
15. Qh5 g6 16. Nxg6 fxg6 17. Bxg6 hxg6 18. Qxg6+ Kh8 19. Re3 Bh4 20. Rh3 Qf6
21. Qg3 Rf7 22. Bg5 Qg6 23. Rxh4+ Rh7 24. Rf4 Rf7 25. Bf6+ Rxf6 26. Rh4+ Kg7
27. Rg4 e5 28. Rxg6+ Rxg6 29. Qd3 exd4 30. cxd4 Rf8 31. d5 Ne7 32. Rc1 Rc8 33.
Qd4+ Kg8 34. Rxc8+ Nxc8 35. f3 b6 36. g4 Nd6 37. h4 Nf5 38. Qf2 Ne7 39. Qd2 Rd6
40. Qg5+ Kf7 41. Qf4+ Rf6 42. Qc7 Ke8 43. Qe5 Kf7 44. Kg2 Ng6 45. Qc7 Ke7 46.
Kg3 Rd6 47. Qc4 Rf6 48. Qd4 Nf4 49. Qe5+ Kf7 50. h5 a5 51. Kh4 b5 52. Qc7 Ke7
53. Qe5+ Kf7 54. Qc7 Ke7 55. Qxa5 Nxd5 56. Qd2 Be6 57. Qd3 Nc7 58. Kg3 Bc4 59.
Qh7+ Rf7 60. Qe4+ Ne6 61. h6 Kf6 62. Qf5+ Ke7 63. h7 Rxf5 64. gxf5 Nd4 65. f6+
Kf7 66. h8=Q 1-0

[Event "16. Sparkassen Open 2017 - Gruppe A"]
[Site "Forchheim"]
[Date "2017.10.01"]
[Round "4.4"]
[White "Lechermann, Markus"]
[Black "Seyb, Alexander"]
[Result "0-1"]
[WhiteElo "2081"]
[BlackElo "2409"]
[PlyCount "58"]
[EventDate "2017.??.??"]
[WhiteTeam "MTV Ingolstadt"]
[BlackTeam "SF 1903 Berlin"]

1. d4 Nf6 2. Bf4 g6 3. e3 Bg7 4. Nf3 O-O 5. Be2 c5 6. c3 b6 7. O-O d6 8. h3
Nbd7 9. Bh2 Bb7 10. a4 a6 11. Nbd2 Ra7 12. Re1 Qa8 13. Nc4 Bc6 14. b4 Ne4 15.
Qc2 cxb4 16. cxb4 Rc8 17. Qb2 Bd5 18. Ncd2 Nc3 19. Bd3 Nf6 20. Rec1 Rac7 21.
Rc2 Nfe4 22. Nxe4 Bxe4 23. Bxe4 Qxe4 24. Ne1 Rc4 25. Ra3 Bxd4 26. Qb3 Bf6 27.
Bg3 Rxb4 28. Rxc3 Rxc3 29. Qa2 Rb1 0-1

[Event "16. Sparkassen Open 2017 - Gruppe A"]
[Site "Forchheim"]
[Date "2017.10.01"]
[Round "4.5"]
[White "Gegenfurtner, Jürgen"]
[Black "Pfadenhauer, Johannes"]
[Result "0-1"]
[WhiteElo "2293"]
[BlackElo "2097"]
[PlyCount "138"]
[EventDate "2017.??.??"]
[WhiteTeam "SV Seubelsdorf"]
[BlackTeam "TSV Bindlach"]

1. Nf3 g6 2. c4 Bg7 3. Nc3 d6 4. g3 e5 5. d4 exd4 6. Nxd4 Nc6 7. Nxc6 bxc6 8.
Bg2 Ne7 9. Bg5 O-O 10. Qd2 Rb8 11. O-O-O Be6 12. Bh6 Bxh6 13. Qxh6 Bxc4 14. e4
c5 15. h4 Nc6 16. h5 Qf6 17. hxg6 Qxg6 18. Qh4 Qg7 19. e5 Nxe5 20. Be4 f5 21.
Bc2 Bxa2 22. Nxa2 Rxb2 23. Nc3 Rb4 24. f4 Ng4 25. Rd3 Nf2 26. Re3 Nxh1 27. Qxh1
Kh8 28. Qh4 Rbb8 29. Qh5 Qg6 30. Qe2 Rfe8 31. Nd5 Rxe3 32. Qxe3 Qg7 33. Qe6 c6
34. Nf6 Qxg3 35. Qxf5 Qe1+ 36. Bd1 Qc3+ 37. Bc2 Qe1+ 38. Bd1 Qe3+ 39. Kc2 Qf2+
40. Kd3 Qd4+ 41. Ke2 Rb2+ 42. Bc2 Rxc2+ 43. Qxc2 Qxf6 44. Qe4 d5 45. Qe8+ Kg7
46. Kf3 Qd6 47. Qh5 Qe6 48. Qg5+ Kf7 49. Qd8 Qe7 50. Qc8 Qe4+ 51. Kg3 Qe3+ 52.
Kh4 Qxf4+ 53. Kh5 Qd6 54. Qb7+ Kf6 55. Qxa7 d4 56. Kg4 Kg6 57. Qa8 Qe6+ 58. Kh4
h5 59. Kg3 d3 60. Qd8 Qe5+ 61. Kh3 Qe3+ 62. Kh2 Qf2+ 63. Kh3 Qe3+ 64. Kh2 d2
65. Qg8+ Kf5 66. Qf7+ Ke4 67. Qc4+ Kf3 68. Qg8 Qf4+ 69. Kh3 Qg4+ 0-1

[Event "16. Sparkassen Open 2017 - Gruppe A"]
[Site "Forchheim"]
[Date "2017.10.01"]
[Round "4.6"]
[White "Meulner, Klaus"]
[Black "Schulz, Lukas"]
[Result "1/2-1/2"]
[WhiteElo "2117"]
[BlackElo "2248"]
[PlyCount "86"]
[EventDate "2017.??.??"]
[WhiteTeam "SW Nürnberg Süd"]
[BlackTeam "SC Forchheim"]

1. d4 Nf6 2. Nf3 g6 3. Nc3 Bg7 4. e4 d6 5. Be2 O-O 6. O-O c6 7. h3 Nbd7 8. Be3
e5 9. dxe5 dxe5 10. Nd2 Qe7 11. Nc4 Ne8 12. Qd2 f5 13. exf5 gxf5 14. f4 e4 15.
Rad1 Ndf6 16. Ne5 Be6 17. Na4 b6 18. Nxc6 Qd7 19. Nd4 Bf7 20. Bb5 Qc8 21. Qc3
Nd6 22. Bc6 Nd5 23. Bxd5 Bxd5 24. Qb4 Nc4 25. Bc1 Rd8 26. Nc3 Bf7 27. Nce2 a5
28. Qb5 Rd5 29. Qc6 Qa6 30. Ne6 Rxd1 31. Rxd1 Rc8 32. Rd8+ Rxd8 33. Nxd8 Ne5
34. fxe5 Qxe2 35. Nxf7 Qe1+ 36. Kh2 Qxc1 37. Qe8+ Bf8 38. Nd6 Qf4+ 39. Kg1 Qc1+
40. Kh2 Qf4+ 41. Kg1 Qc1+ 42. Kf2 Qd2+ 43. Kf1 Qd1+ 1/2-1/2

[Event "16. Sparkassen Open 2017 - Gruppe A"]
[Site "Forchheim"]
[Date "2017.10.01"]
[Round "4.7"]
[White "Linsenmeyer, Mario"]
[Black "Amtmann, Florian"]
[Result "1-0"]
[WhiteElo "2105"]
[BlackElo "2101"]
[PlyCount "126"]
[EventDate "2017.??.??"]
[WhiteTeam "FSV Großenseebach"]
[BlackTeam "Spvgg Stetten"]

1. d4 Nf6 2. c4 c5 3. d5 b5 4. cxb5 a6 5. b6 d6 6. Nc3 Nbd7 7. e4 g6 8. a4 Qxb6
9. a5 Qa7 10. Nf3 Bg7 11. Be2 O-O 12. O-O Rb8 13. Nd2 Ne8 14. Kh1 Nc7 15. Nc4
Nb5 16. Na4 Nd4 17. Nab6 Nxb6 18. Nxb6 Bd7 19. Bd3 Bb5 20. Rb1 e5 21. b4 cxb4
22. Rxb4 f5 23. exf5 Nxf5 24. Bb2 Bxd3 25. Qxd3 Rbe8 26. Re4 Bh6 27. Rfe1 Re7
28. Bc1 Bxc1 29. Rxc1 Rc7 30. Rec4 Rxc4 31. Qxc4 Nd4 32. f3 Nb5 33. Qg4 Qf7 34.
Kg1 Nd4 35. Rc8 Nf5 36. Rc6 Nd4 37. Rc4 Nf5 38. Qe4 Nd4 39. Kf2 Qf5 40. Qxf5
gxf5 41. Nc8 Rd8 42. Ne7+ Kf8 43. Nc6 Rc8 44. Nxe5 Rxc4 45. Nxc4 Ke7 46. Ke3
Nb5 47. Kf4 Kf6 48. g4 fxg4 49. fxg4 h6 50. Nd2 Nd4 51. Ne4+ Ke7 52. h4 Nb3 53.
g5 hxg5+ 54. Kxg5 Nxa5 55. h5 Nc4 56. Kg6 Ne5+ 57. Kg7 a5 58. h6 Nf7 59. h7 a4
60. Nxd6 a3 61. Nf5+ Ke8 62. Nd4 a2 63. Nc2 Nd6 1-0

[Event "16. Sparkassen Open 2017 - Gruppe A"]
[Site "Forchheim"]
[Date "2017.10.01"]
[Round "4.8"]
[White "Fieberg, Samuel"]
[Black "Kast, Joannis"]
[Result "1-0"]
[WhiteElo "2239"]
[BlackElo "2062"]
[PlyCount "119"]
[EventDate "2017.??.??"]
[WhiteTeam "SG Porz"]
[BlackTeam "SK Jöhlingen"]

1. e4 e5 2. Nf3 Nf6 3. Nxe5 Nxe4 4. Qe2 Qe7 5. Qxe4 d6 6. d4 dxe5 7. dxe5 Nc6
8. Nc3 Qxe5 9. Qxe5+ Nxe5 10. Bf4 Bd6 11. Bg3 f6 12. O-O-O Bd7 13. Nb5 O-O-O
14. Nxd6+ cxd6 15. Rxd6 Bg4 16. Rxd8+ Rxd8 17. f3 Bf5 18. Be2 Nc6 19. Bd1 Re8
20. Re1 Kd7 21. Rxe8 Kxe8 22. Kd2 Be6 23. b3 Nb4 24. a3 Nd5 25. c4 Ne7 26. Kc3
Kd7 27. Bf2 a6 28. Be2 Kc6 29. f4 Bf5 30. Bf3+ Kc7 31. Bc5 Ng6 32. g3 Bd7 33.
Be4 Bc6 34. Bd3 Kd7 35. h4 Bf3 36. Kd4 Ke8 37. b4 Bc6 38. b5 Bf3 39. bxa6 bxa6
40. Bb4 Kd7 41. a4 Kc6 42. a5 Kc7 43. Ke3 Bg4 44. Be4 f5 45. Bd5 h5 46. Kd4 Bd1
47. Bg8 Ba4 48. Bf7 Nh8 49. Bxh5 g6 50. Bf3 Nf7 51. h5 gxh5 52. Bxh5 Nd8 53.
Bc3 Bd7 54. Bf3 Kd6 55. c5+ Kc7 56. Ke5 Nc6+ 57. Kf6 Kb7 58. Be5 Bc8 59. Bd5
Bd7 60. Bc3 1-0

[Event "16. Sparkassen Open 2017 - Gruppe A"]
[Site "Forchheim"]
[Date "2017.10.01"]
[Round "4.9"]
[White "De Silva, Joel Niels"]
[Black "Hoffmann, Sebastian"]
[Result "1-0"]
[WhiteElo "2101"]
[BlackElo "1932"]
[PlyCount "81"]
[EventDate "2017.??.??"]
[WhiteTeam "SV Hockenheim"]
[BlackTeam "SC Noris-Tarrasch Nürnberg"]

1. e4 d5 2. exd5 Qxd5 3. Nc3 Qd8 4. Nf3 Nf6 5. Bb5+ c6 6. Bc4 Bf5 7. d4 e6 8.
Be3 Nbd7 9. Ne2 h6 10. Ng3 Bh7 11. c3 Bd6 12. Qd2 Nb6 13. Bb3 Nbd5 14. Ne5 Qc7
15. Nc4 Be7 16. Ne5 Bd6 17. Nc4 Be7 18. Bd1 b5 19. Ne5 Nxe3 20. Qxe3 Nd5 21.
Qd2 c5 22. Qe2 O-O 23. O-O cxd4 24. cxd4 Rfd8 25. Bb3 Bg5 26. Rfe1 Nf4 27. Qf3
Nd5 28. Nh5 g6 29. Ng3 Rac8 30. Ne4 Bf4 31. Bxd5 Bxe5 32. dxe5 exd5 33. Nf6+
Kg7 34. Nxd5 Qc6 35. Rad1 Qe6 36. Nf4 Qf5 37. e6 Rxd1 38. Rxd1 Rc4 39. e7 Re4
40. Qc3+ Kg8 41. Rd8# 1-0

[Event "16. Sparkassen Open 2017 - Gruppe A"]
[Site "Forchheim"]
[Date "2017.10.01"]
[Round "4.10"]
[White "Epding, Olaf"]
[Black "Woll, Wilfried"]
[Result "1-0"]
[WhiteElo "2255"]
[BlackElo "2080"]
[PlyCount "145"]
[EventDate "2017.??.??"]
[WhiteTeam "SC Noris-Tarrasch Nürnberg"]
[BlackTeam "Greifswalder SV"]

1. e4 e6 2. d4 d5 3. Nc3 Bb4 4. a3 Bxc3+ 5. bxc3 dxe4 6. Qg4 Nf6 7. Qxg7 Rg8 8.
Qh6 Rg6 9. Qd2 Nc6 10. Bb2 e5 11. O-O-O exd4 12. cxd4 Qe7 13. d5 Ne5 14. Qd4
Ned7 15. Nh3 Qc5 16. Qxc5 Nxc5 17. Nf4 Rh6 18. h3 Bd7 19. Rg1 Nh5 20. Nxh5 Rxh5
21. g4 Rg5 22. Bf6 Rg6 23. g5 a6 24. Rg3 Bf5 25. Be2 Rg8 26. Rc3 b6 27. d6 Kd7
28. Bc4 Be6 29. Bxe6+ fxe6 30. dxc7+ Kxc7 31. Rd4 Kb7 32. Be7 Rac8 33. Rdc4 Na4
34. Rxc8 Rxc8 35. Rxc8 Kxc8 36. Kd2 Kd7 37. Bf6 Kd6 38. Ke3 Kd5 39. h4 Nc5 40.
h5 Nd7 41. Bg7 Ne5 42. Kf4 Nf7 43. g6 hxg6 44. hxg6 e5+ 45. Kf5 Nd6+ 46. Kf6
Ne8+ 47. Kf7 Nd6+ 48. Kf8 Nf5 49. Bh8 Kd4 50. g7 Nh6 51. g8=Q Nxg8 52. Kxg8 Kc3
53. Bxe5+ Kxc2 54. Kf7 Kd3 55. Ke6 e3 56. fxe3 Kxe3 57. Kd5 b5 58. Kc5 Ke4 59.
Bc3 Kf5 60. Kd5 Kf4 61. Ba5 Kf5 62. Bd8 Kf4 63. Kc6 Ke5 64. Ba5 Ke6 65. Bb4 Ke5
66. Kb6 Kd5 67. Kxa6 Kc6 68. Ba5 Kd7 69. Kb7 Kd6 70. Be1 Kd7 71. Bg3 Kd8 72.
Kb6 Kc8 73. Bh2 1-0

[Event "16. Sparkassen Open 2017 - Gruppe A"]
[Site "Forchheim"]
[Date "2017.10.01"]
[Round "4.11"]
[White "Kilian, Markus"]
[Black "Reis, Gerhard"]
[Result "1-0"]
[WhiteElo "2031"]
[BlackElo "2200"]
[PlyCount "63"]
[EventDate "2017.??.??"]
[WhiteTeam "SV Würzburg"]
[BlackTeam "SW Nürnberg Süd"]

1. d4 Nf6 2. c4 g6 3. Nc3 d5 4. cxd5 Nxd5 5. e4 Nxc3 6. bxc3 Bg7 7. Nf3 c5 8.
Rb1 O-O 9. Be2 b6 10. O-O Bb7 11. Qd3 Ba6 12. Qe3 cxd4 13. cxd4 Qd7 14. Ba3 Rc8
15. Rbc1 e6 16. Rxc8+ Qxc8 17. Rc1 Qb7 18. Qf4 e5 19. Bxa6 Qxa6 20. Nxe5 Bxe5
21. Qxe5 Nc6 22. Qd5 Rd8 23. Qxc6 Qxa3 24. d5 Qe7 25. Qc7 Rd7 26. Qf4 f6 27. h4
Kg7 28. Rc6 b5 29. h5 b4 30. Re6 Qd8 31. e5 fxe5 32. h6+ 1-0

[Event "16. Sparkassen Open 2017 - Gruppe A"]
[Site "Forchheim"]
[Date "2017.10.01"]
[Round "4.12"]
[White "Eiber, Manfred"]
[Black "Mantel, Ruben"]
[Result "1-0"]
[WhiteElo "2163"]
[BlackElo "1939"]
[PlyCount "115"]
[EventDate "2017.??.??"]
[WhiteTeam "SW Nürnberg Süd"]
[BlackTeam "SC Noris-Tarrasch Nürnberg"]

1. d4 d5 2. Nf3 Nf6 3. Bf4 c5 4. Bxb8 Rxb8 5. e3 Qb6 6. Nc3 cxd4 7. Qxd4 Qxd4
8. exd4 a6 9. Bd3 g6 10. O-O Bg7 11. Rae1 e6 12. Ne5 O-O 13. f4 b5 14. g4 Nd7
15. Nd1 Nxe5 16. dxe5 Bb7 17. g5 Rfd8 18. Ne3 Bf8 19. Ng4 Bc5+ 20. Kg2 d4+ 21.
Kg3 Bd5 22. b3 Kg7 23. h4 a5 24. Re2 b4 25. Rh2 Bc6 26. h5 Rh8 27. Rh4 Ra8 28.
Rf2 Rab8 29. Rfh2 Ra8 30. R4h3 Bb7 31. Nf6 Bc6 32. Rh4 Bb6 33. R4h3 Bc5 34. Kf2
Bb6 35. Rh4 Rad8 36. Kg3 Ra8 37. R2h3 Rad8 38. Rh2 Ra8 39. Kg4 Rad8 40. R4h3
Ra8 41. Kg3 Rad8 42. Kf2 Ra8 43. Ke2 Rad8 44. Kd2 Ra8 45. Kc1 Bc5 46. Be4 Bxe4
47. Nxe4 Bb6 48. hxg6 hxg6 49. Rxh8 Rxh8 50. Rxh8 Kxh8 51. Kd2 Kg7 52. Nd6 Kf8
53. Kd3 Ba7 54. Nc4 Ke7 55. Nxa5 Kd7 56. Nc4 Bc5 57. Nd2 Kc6 58. Ne4 1-0

[Event "16. Sparkassen Open 2017 - Gruppe A"]
[Site "Forchheim"]
[Date "2017.10.01"]
[Round "4.13"]
[White "Brunner, Jan"]
[Black "Tong, Kevin"]
[Result "0-1"]
[WhiteElo "1992"]
[BlackElo "2139"]
[PlyCount "54"]
[EventDate "2017.??.??"]
[WhiteTeam "TSV Schönaich"]
[BlackTeam "SC Erlangen"]

1. d4 d5 2. c4 c6 3. Nf3 Nf6 4. e3 Bg4 5. h3 Bh5 6. Nc3 e6 7. g4 Bg6 8. Ne5
Nfd7 9. Nxg6 hxg6 10. Qb3 Qb6 11. c5 Qc7 12. Qa4 Be7 13. Bd2 Nf6 14. Be2 Nbd7
15. b4 e5 16. O-O-O O-O 17. f4 e4 18. h4 b6 19. g5 Nh5 20. Bg4 Rfd8 21. Qa6 Nb8
22. Qa3 a5 23. Na4 axb4 24. Qb3 bxc5 25. Nxc5 Na6 26. Bxh5 gxh5 27. g6 Bxc5 0-1

[Event "16. Sparkassen Open 2017 - Gruppe A"]
[Site "Forchheim"]
[Date "2017.10.01"]
[Round "4.14"]
[White "Ulusoy, Tolga"]
[Black "Link, Andreas"]
[Result "1/2-1/2"]
[WhiteElo "2082"]
[BlackElo "2011"]
[PlyCount "64"]
[EventDate "2017.??.??"]
[WhiteTeam "SC Noris-Tarrasch Nürnberg"]
[BlackTeam "Zabo-Eintracht Nürnberg"]

1. e4 e5 2. f4 d5 3. exd5 e4 4. d3 Nf6 5. dxe4 Nxe4 6. Nf3 Bc5 7. Qe2 Qe7 8.
Be3 Bxe3 9. Qxe3 O-O 10. Nbd2 f5 11. O-O-O Nd7 12. Bc4 Kh8 13. Nxe4 fxe4 14.
Ng5 Nf6 15. h3 b5 16. Bb3 a5 17. a3 h6 18. Ne6 Bxe6 19. dxe6 a4 20. Ba2 c6 21.
g4 Rad8 22. f5 c5 23. Rxd8 Rxd8 24. Rd1 Rxd1+ 25. Kxd1 Qd6+ 26. Qd2 Qg3 27. c3
e3 28. Qd8+ Kh7 29. e7 Qf3+ 30. Kc2 Qe2+ 31. Kc1 Qf1+ 32. Kc2 Qe2+ 1/2-1/2

[Event "16. Sparkassen Open 2017 - Gruppe A"]
[Site "Forchheim"]
[Date "2017.10.01"]
[Round "4.15"]
[White "Süß, Stefan"]
[Black "Martin Fernandez, Rodrigo"]
[Result "1-0"]
[WhiteElo "2031"]
[BlackElo "2115"]
[PlyCount "95"]
[EventDate "2017.??.??"]
[WhiteTeam "SC Noris-Tarrasch Nürnberg"]
[BlackTeam "SC Erlangen"]

1. e4 d6 2. d4 Nf6 3. Nc3 Nbd7 4. g3 e5 5. Nge2 Be7 6. Bg2 O-O 7. O-O c6 8. h3
Qc7 9. b3 Re8 10. Bb2 b5 11. Re1 b4 12. Nb1 Bb7 13. c4 bxc3 14. Nbxc3 Rad8 15.
Rc1 Qb8 16. dxe5 Nxe5 17. f4 Ng6 18. Nd4 Bf8 19. Kh1 c5 20. Nf5 Qc8 21. Qc2 a6
22. Rcd1 Re6 23. Re2 Rde8 24. Rde1 Qb8 25. Kh2 Nh5 26. Nd5 Bxd5 27. exd5 Rxe2
28. Rxe2 Qc8 29. Rxe8 Qxe8 30. Qe4 Qd8 31. Qe2 Nhxf4 32. gxf4 Nxf4 33. Qg4 Ng6
34. h4 Qe8 35. h5 Ne5 36. Qg3 f6 37. Bxe5 Qxh5+ 38. Qh3 Qxh3+ 39. Bxh3 fxe5 40.
Ne3 Kf7 41. Bc8 a5 42. Nc4 h5 43. Nxa5 g5 44. Nc4 Ke7 45. a4 Kd8 46. Bf5 g4 47.
Kg3 Bh6 48. Kh4 1-0

[Event "16. Sparkassen Open 2017 - Gruppe A"]
[Site "Forchheim"]
[Date "2017.10.01"]
[Round "4.16"]
[White "Manthey, Frank"]
[Black "Wichmann, Adrian"]
[Result "1/2-1/2"]
[WhiteElo "2049"]
[BlackElo "2018"]
[PlyCount "90"]
[EventDate "2017.??.??"]
[WhiteTeam "SK Schwanstetten"]
[BlackTeam "SC Forchheim"]

1. e4 c5 2. c3 g6 3. Nf3 Bg7 4. d4 cxd4 5. cxd4 d5 6. e5 Bg4 7. Bb5+ Nc6 8.
Nbd2 Nh6 9. O-O O-O 10. Bxc6 bxc6 11. h3 Bxf3 12. Nxf3 Qb6 13. Bf4 Kh8 14. Qd2
Ng8 15. Rac1 e6 16. Rc5 Rfc8 17. Rfc1 Bf8 18. R5c2 c5 19. dxc5 Rxc5 20. Be3
Rxc2 21. Qxc2 Qb5 22. Qc7 Be7 23. b3 a6 24. Nd4 Qe8 25. Qb7 Qb8 26. Qxb8 Rxb8
27. Rc7 Kg7 28. Nc6 Re8 29. Ra7 Bf8 30. Rxa6 Ne7 31. Nxe7 Bxe7 32. Ra7 h6 33.
a4 Bb4 34. Rc7 Rb8 35. Ba7 Ra8 36. Bd4 Rb8 37. Kf1 g5 38. Ke2 Kg6 39. Kd3 Ba5
40. Ra7 Rxb3+ 41. Kc2 Rb4 42. Bc3 Rxa4 43. Rxa5 Rc4 44. Kd3 Rc8 45. Ra7 Rb8
1/2-1/2

[Event "16. Sparkassen Open 2017 - Gruppe A"]
[Site "Forchheim"]
[Date "2017.10.01"]
[Round "4.17"]
[White "Henrich, Thomas"]
[Black "Bethke, Robert"]
[Result "1-0"]
[WhiteElo "2310"]
[BlackElo "1900"]
[PlyCount "51"]
[EventDate "2017.??.??"]
[WhiteTeam "SK Marburg"]
[BlackTeam "SF Neuberg"]

1. d4 d5 2. c4 e6 3. Nf3 Nf6 4. Bg5 Be7 5. Nc3 O-O 6. e3 h6 7. Bh4 b6 8. Be2
Bb7 9. O-O Nbd7 10. Qc2 Rc8 11. Rfc1 Ne4 12. Bxe7 Qxe7 13. cxd5 Nxc3 14. bxc3
exd5 15. Qf5 g6 16. Qf4 Kg7 17. h4 f5 18. c4 Qe4 19. Qg3 f4 20. Qh3 fxe3 21.
Qxd7+ Rf7 22. Qh3 exf2+ 23. Kf1 dxc4 24. Ne5 Re8 25. Bf3 Rxf3 26. gxf3 1-0

[Event "16. Sparkassen Open 2017 - Gruppe A"]
[Site "Forchheim"]
[Date "2017.10.01"]
[Round "4.18"]
[White "Guggenberger, Guido"]
[Black "Hartl, Aldo"]
[Result "0-1"]
[WhiteElo "1972"]
[BlackElo "2132"]
[PlyCount "44"]
[EventDate "2017.??.??"]
[WhiteTeam "TV Tegernsee"]
[BlackTeam "TSV Trostberg"]

1. d4 Nf6 2. c4 g6 3. Nc3 d5 4. cxd5 Nxd5 5. e4 Nxc3 6. bxc3 Bg7 7. Nf3 c5 8.
Be3 Qa5 9. Nd2 cxd4 10. Nc4 Qd8 11. cxd4 O-O 12. Be2 Nc6 13. d5 Nb4 14. Rb1
Nxa2 15. Qc2 Nc3 16. Rb3 Nxe2 17. Qxe2 f5 18. f3 fxe4 19. fxe4 b6 20. Nd2 e6
21. Qc4 exd5 22. exd5 Bb7 0-1

[Event "16. Sparkassen Open 2017 - Gruppe A"]
[Site "Forchheim"]
[Date "2017.10.01"]
[Round "4.19"]
[White "Smolka, Alexander"]
[Black "Gil, Arthur"]
[Result "1-0"]
[WhiteElo "2088"]
[BlackElo "2067"]
[PlyCount "49"]
[EventDate "2017.??.??"]
[WhiteTeam "SV Stuttgart-Wolfbusch"]
[BlackTeam "SU Ebersberg-Grafing"]

1. e4 e5 2. Nf3 Nc6 3. Bc4 Nf6 4. d3 Bc5 5. c3 d6 6. Bb3 Bg4 7. h3 Be6 8. Bc2
Bb6 9. Nbd2 Ne7 10. Ng5 O-O 11. O-O Ng6 12. Bb3 d5 13. Re1 Nf4 14. Ndf3 dxe4
15. Nxe6 fxe6 16. Nxe5 N6h5 17. d4 Qh4 18. Qg4 Nxh3+ 19. Qxh3 Qxf2+ 20. Kh2
Qxe1 21. Bxe6+ Kh8 22. Qxh5 Rf6 23. Bg5 Qxa1 24. Bxf6 gxf6 25. Nf7+ 1-0

[Event "16. Sparkassen Open 2017 - Gruppe A"]
[Site "Forchheim"]
[Date "2017.10.01"]
[Round "4.20"]
[White "Diller, Peter"]
[Black "Glawe, Ralf"]
[Result "1/2-1/2"]
[WhiteElo "1976"]
[BlackElo "2066"]
[PlyCount "59"]
[EventDate "2017.??.??"]
[WhiteTeam "SK Rothenburg"]
[BlackTeam "MTV Ingolstadt"]

1. e4 c5 2. f4 d5 3. e5 Bf5 4. Bb5+ Nc6 5. Bxc6+ bxc6 6. d3 Qb6 7. Nf3 e6 8.
Nc3 h5 9. Qe2 Nh6 10. b3 Bg4 11. Na4 Qa6 12. O-O Nf5 13. c4 Rd8 14. Qf2 Bxf3
15. Qxf3 Nd4 16. Qf2 Be7 17. Be3 dxc4 18. dxc4 O-O 19. Rad1 Rd7 20. Rd2 Rfd8
21. Rfd1 Qa5 22. Kf1 f6 23. Bxd4 cxd4 24. Rxd4 Rxd4 25. Rxd4 fxe5 26. Rxd8+
Qxd8 27. fxe5 Qd1+ 28. Qe1 Qd3+ 29. Qe2 Qb1+ 30. Kf2 1/2-1/2

[Event "16. Sparkassen Open 2017 - Gruppe A"]
[Site "Forchheim"]
[Date "2017.10.01"]
[Round "4.21"]
[White "Adelhütte, Dennis"]
[Black "Böhme, Sebastian"]
[Result "1/2-1/2"]
[WhiteElo "1941"]
[BlackElo "2090"]
[PlyCount "65"]
[EventDate "2017.??.??"]
[WhiteTeam "SC JÄKLECHEMIE"]
[BlackTeam "SC Uttenreuth"]

1. d4 e6 2. e4 d5 3. Nd2 Nc6 4. c3 e5 5. dxe5 dxe4 6. Qe2 Qd5 7. Qxe4 Qxe5 8.
Bb5 Qxe4+ 9. Nxe4 Bf5 10. Ng3 Bd7 11. Nf3 O-O-O 12. O-O f6 13. Be3 Nge7 14.
Rfd1 a6 15. Ba4 Ng6 16. Rd2 Nce5 17. Nxe5 Nxe5 18. Bb3 Bg4 19. Rxd8+ Kxd8 20.
f3 Bd7 21. Rd1 Bd6 22. Nh5 Bf8 23. f4 Ng4 24. Bd4 Kc8 25. h3 c5 26. Bf2 Nxf2
27. Kxf2 Kc7 28. Bf7 Bf5 29. Ng3 Bg6 30. Be6 Bd6 31. f5 Bxg3+ 32. Kxg3 Be8 33.
Kf4 1/2-1/2

[Event "16. Sparkassen Open 2017 - Gruppe A"]
[Site "Forchheim"]
[Date "2017.10.01"]
[Round "4.22"]
[White "Krüger, Till"]
[Black "Schmidt, Olaf"]
[Result "1/2-1/2"]
[WhiteElo "1991"]
[BlackElo "2076"]
[PlyCount "72"]
[EventDate "2017.??.??"]
[WhiteTeam "SC Nidderau"]
[BlackTeam "SK Rochade Augsburg"]

1. e4 d6 2. d4 Nf6 3. Nc3 g6 4. Be3 Bg7 5. Qd2 c6 6. Bh6 Bxh6 7. Qxh6 Qa5 8.
Qd2 b5 9. Bd3 a6 10. Nge2 Nbd7 11. Nb1 Qb6 12. O-O O-O 13. c3 Kg7 14. Bc2 Rb8
15. Qe3 e5 16. dxe5 dxe5 17. Qxb6 Rxb6 18. Nd2 Rb7 19. b4 Rc7 20. Rac1 Bb7 21.
f3 Rfc8 22. Bb3 c5 23. Rfd1 Bc6 24. Nf1 a5 25. a3 c4 26. Bc2 Ra8 27. Ne3 Nb6
28. Rd2 Rd7 29. Rxd7 Nfxd7 30. Rd1 Kf8 31. g4 Ke7 32. Rc1 Kf6 33. Kf2 a4 34.
Rd1 Ke7 35. Ng3 Rh8 36. h4 Rd8 1/2-1/2

[Event "16. Sparkassen Open 2017 - Gruppe A"]
[Site "Forchheim"]
[Date "2017.10.01"]
[Round "4.23"]
[White "Gentner, Markus"]
[Black "Wolf, Pablo"]
[Result "0-1"]
[WhiteElo "2006"]
[BlackElo "1940"]
[PlyCount "82"]
[EventDate "2017.??.??"]
[WhiteTeam "SC Murrhardt"]
[BlackTeam "SC Bamberg"]

1. Nf3 d5 2. c4 e6 3. b3 Nf6 4. Bb2 b6 5. g3 Bb7 6. Bg2 Be7 7. d4 c5 8. Nbd2
Nbd7 9. O-O dxc4 10. Nxc4 O-O 11. Rc1 cxd4 12. Qxd4 Bc5 13. Qh4 Nd5 14. Qh3 Qe7
15. Ne1 Rac8 16. Nd3 f6 17. Be4 g6 18. Qh6 Bc6 19. Nxc5 Nxc5 20. Bb1 e5 21. Ba3
Ba8 22. Ne3 Rc7 23. Rfd1 Nxe3 24. Qxe3 Rfc8 25. Bd3 Kg7 26. Ba6 Rd8 27. f3
Rxd1+ 28. Rxd1 Qe8 29. Bc4 Bb7 30. Rd6 Bc8 31. h4 Ne6 32. Bb2 b5 33. Bd5 a5 34.
Kf2 Rc2 35. Qb6 Kf7 36. Rd8 Qe7 37. Bxe6+ Bxe6 38. Ba1 Rxa2 39. Rh8 Kg7 40. Rb8
Rxa1 41. Rb7 Bd7 0-1

[Event "16. Sparkassen Open 2017 - Gruppe A"]
[Site "Forchheim"]
[Date "2017.10.01"]
[Round "4.24"]
[White "Bendel, Ralf"]
[Black "Brenner, Christian"]
[Result "1-0"]
[WhiteElo "2116"]
[BlackElo "2020"]
[PlyCount "117"]
[EventDate "2017.??.??"]
[WhiteTeam "SC Friedberg Gehörl. SV"]
[BlackTeam "Zabo-Eintracht Nürnberg"]

1. e4 d6 2. d4 Nf6 3. Bd3 g6 4. c3 Bg7 5. Nf3 O-O 6. O-O c6 7. Re1 Nbd7 8. a4
e5 9. Na3 Qc7 10. Qc2 Re8 11. dxe5 dxe5 12. h3 Nc5 13. Bc4 Be6 14. b4 Bxc4 15.
Nxc4 Ncd7 16. Be3 Nb6 17. Na5 Rad8 18. c4 Nbd7 19. c5 h6 20. Red1 Nh5 21. Rac1
Nf4 22. Nc4 Re7 23. g3 Nh5 24. Rd6 Bf8 25. Rcd1 Ree8 26. R6d2 b6 27. cxb6 axb6
28. Qb1 c5 29. b5 Nhf6 30. Ne1 Qa7 31. Qc2 Ra8 32. Ra1 Qb7 33. f3 Qc7 34. Qb3
Re6 35. Rad1 Qa7 36. Ra2 Qc7 37. Ng2 Nh5 38. Bf2 Nhf6 39. Rad2 Qa7 40. Ra2 Qc7
41. Nge3 h5 42. h4 Bh6 43. Re2 Qa7 44. Ra1 Qb7 45. Rd1 Qa7 46. Nb2 Qc7 47. Nd5
Qb7 48. Be3 Bg7 49. Bg5 Nh7 50. Ne7+ Kf8 51. Nc6 Nxg5 52. hxg5 Kg8 53. Red2 Nf8
54. Nd8 Rxd8 55. Rxd8 Qe7 56. Qe3 Kh7 57. Nc4 Qa7 58. a5 bxa5 59. b6 1-0